• 首页
  • 本馆介绍
  • 公告通知
  • 最新文献
  • 馆藏检索
  • 电子资源
  • 读者导购
  • 参考咨询
  • 我的图书馆
  • 登录
  • 详细信息显示
  • 放入我的书架
  • 预约/预借图书
  • 作者相关作品
  • 分类相关作品
  • 丛书相关作品
  • 出版社相关作品

书目信息

  • 表格格式
  • 工作单格式
  • 卡片格式
题名:
时间的1000个瞬间
    
 
作者: 林为民 编著
分册:  
出版信息: 北京   北京出版社  2006
页数: 177页
开本: 21cm
丛书名:
单 册:
中图分类: P159-49
科图分类:
主题词: 宇宙学--普及读物 , 宇宙学
电子资源:
ISBN: 7-200-06272-3
000 00972nam0 2200265 450
001 003061833
005 20061118100201.98
010    @a7-200-06272-3@dCNY25.00
100    @a20060104d2006 em y0chiy0110 ea
101 0  @achi
102    @aCN@b110000
105    @aa z 000yy
200 1  @a时间的1000个瞬间@9shi jian de 1000 ge shun jian@e探寻宇宙 地球 生命的奥秘之旅@f林为民著
210    @a北京@c北京出版社@d2006
215    @a177页@c图@d21cm
312    @a封面英文题名:1000 moments of time
330    @a本书内设“时间零点”、“宇宙演义”、“地球演义”、“生命演义”以及“世界末日”五个专栏内容。书中阐述了关于宇宙、地球、生命三者之间的进化。
510 1  @a1000 moments of time@zeng
517 1  @a探寻宇宙 地球 生命的奥秘之旅@9tan xun yu zhou di qiu sheng ming de ao mi zhi lv
606 0  @a宇宙学@j普及读物
606 0  @a宇宙学
690    @aP159-49@v4
701  0 @a林为民@9lin wei min@c(物理学)@4编著
801  0 @aCN@bNLC@c20061118
905    @a10447@dP159-49@e129
    
    时间的1000个瞬间:探寻宇宙 地球 生命的奥秘之旅/林为民著.-北京:北京出版社,2006
    177页:图;21cm
    
    
    ISBN 7-200-06272-3:CNY25.00
    本书内设“时间零点”、“宇宙演义”、“地球演义”、“生命演义”以及“世界末日”五个专栏内容。书中阐述了关于宇宙、地球、生命三者之间的进化。
●
相关链接 在E读中查询图书 在五车中查询图书 在当当中查询图书 在豆瓣中查询图书


正题名:时间的1000个瞬间     索取号:P159-49/129         预约/预借

序号 登录号 条形码 馆藏地/架位号 状态 备注
1 0392376   203923763   第二样本阅览室/ [索取号:P159-49/129] 在馆    
2 0392377   203923772   第三借阅区/ [索取号:P159-49/129] 在馆    
3 0392378   203923781   第三借阅区/ [索取号:P159-49/129] 在馆    
4 0392379   203923790   第三借阅区/ [索取号:P159-49/129] 在馆    
唐山师范学院图书馆 欢迎您!
大连网信软件有限公司© 版权所有